书目信息 |
| 题名: |
Microsoft Word 7.0
|
|
| 作者: | 洪锦魁 编著 | |
| 分册: | ||
| 出版信息: | 武汉 华中理工大学出版社 1997.01 |
|
| 页数: | 191页 | |
| 开本: | 16开 | |
| 丛书名: | ||
| 单 册: | ||
| 中图分类: | TP391.12 | |
| 科图分类: | ||
| 主题词: | 计算机应用 | |
| 电子资源: | ||
| ISBN: | 7-5609-1389-X | |
| 000 | 00557nam0 2200193 45 | |
| 001 | 0005251512 | |
| 005 | 20000525152655.9 | |
| 010 | @a7-5609-1389-X@d19.00元 | |
| 100 | @a20000525d1997 km y0chiy0120 ea | |
| 101 | @achi | |
| 105 | @a z 000yy | |
| 200 | 1 | @aMicrosoft Word 7.0@AMicrosoft Word 7.0@f洪锦魁编著@FHong Jin Kui Bian Zhu |
| 210 | @a武汉@c华中理工大学出版社@d1997.01 | |
| 215 | @a191页@d16开 | |
| 606 | 0 | @a计算机应用 |
| 690 | @aTP391.12@v3 | |
| 701 | @a洪锦魁@4编著 | |
| 801 | @aCN@bPftUser@c20000525 | |
| 905 | @f3@b56824-826@dTP391.12@eH399/1 | |
| Microsoft Word 7.0/洪锦魁编著.-武汉:华中理工大学出版社,1997.01 |
| 191页;16开 |
| ISBN 7-5609-1389-X:19.00元 |
| ● |
| 相关链接 |
|
|
|
正题名:Microsoft Word 7.0
索取号:TP391.12/H399/1
 
预约/预借
| 序号 | 登录号 | 条形码 | 馆藏地/架位号 | 状态 | 备注 |
| 1 | 56824 | 200568242 | 期刊室512/301自科库 60排5列5层/ [索取号:TP391.12/H399/1] | 在馆 | |
| 2 | 56825 | 200568251 | 期刊室512/301自科库 60排5列5层/ [索取号:TP391.12/H399/1] | 在馆 | |
| 3 | 56826 | 200568260 | 自科库301/301自科库 60排5列1层/ [索取号:TP391.12/H399/1] | 在馆 |